000 00956nam a22002417a 4500
999 _c63503
_d63503
005 20240530110644.0
008 171107s2016 ua a g b 000 0 ara d
017 _a2015/11015
_bمصر. دار الكتب
020 _a9789772815494
040 _aEG-CaGPL
_cEG-CaGPL
082 0 4 _221
_a371.911\
_bو ت
100 0 _aوئام اسماعيل .
245 1 2 _aالتعلم الالكترونى للمكفوفين :
_bبين النظرية و التطبيق /
_cتاليف وئام اسماعيل .
250 _aط.1
260 _aالقاهرة :
_bالمكتبة الاكاديمية ،
_c2016 .
300 _a237 ص. ؛
_c24 سم.
504 _aببليوجرافية : ص 221 - 237
650 0 7 _2qrmak
_aالتعليم الالكترونى
650 0 7 _2qrmak
_aالتعليم الالكترونى
_xالمكفوفون .
650 0 7 _2qrmak
_aالمكفوفون
_xتعليم .
942 _2ddc
_cBK